=LDR 00000nam 2200000 4500 =001 INLIS000000000002114 =005 20130612090458 =008 ***********************************Ind** =035 ##$$0010-061300000002114 =041 ##$$a Ind =082 ##$$a 720.28 =090 ##$$a 720.28 , Zai m =100 ##$$a Zainal A.Z =245 ##$$a Membangun rumah , rencana dan bahan-bahan yang dipakai , Zainal A.Z., B.A.E =260 ##$$a 1994 $b Jakarta =300 ##$$a xiii, 131 hlm , ilus , 23 cm =650 ##$$a Membangun rumah =850 ##$$a NBPNMAT